<?xml version="1.0" encoding="UTF-8"?>
<collection xmlns="http://www.loc.gov/MARC21/slim">
 <record>
  <leader>01728nam a2200217Ia 4500</leader>
  <controlfield tag="001">TDMU_16978</controlfield>
  <controlfield tag="008">210410s9999    xx            000 0 und d</controlfield>
  <datafield tag="082" ind1=" " ind2=" ">
   <subfield code="a">895.92280334</subfield>
  </datafield>
  <datafield tag="090" ind1=" " ind2=" ">
   <subfield code="b">Đ116</subfield>
  </datafield>
  <datafield tag="100" ind1=" " ind2=" ">
   <subfield code="a">Đặng, Thùy Trâm</subfield>
  </datafield>
  <datafield tag="245" ind1=" " ind2="0">
   <subfield code="a">Nhật ký Đặng Thùy Trâm</subfield>
  </datafield>
  <datafield tag="245" ind1=" " ind2="0">
   <subfield code="c">Đặng Kim Trâm chỉnh lý; Vương Trí Nhàn giới thiệu</subfield>
  </datafield>
  <datafield tag="260" ind1=" " ind2=" ">
   <subfield code="a">H.</subfield>
  </datafield>
  <datafield tag="260" ind1=" " ind2=" ">
   <subfield code="b">Hội nhà văn</subfield>
  </datafield>
  <datafield tag="260" ind1=" " ind2=" ">
   <subfield code="c">2012</subfield>
  </datafield>
  <datafield tag="300" ind1=" " ind2=" ">
   <subfield code="a">290tr.</subfield>
  </datafield>
  <datafield tag="520" ind1=" " ind2=" ">
   <subfield code="a">Là những ghi chép hàng ngày của một người nữ bác sĩ Đặng Thùy Trâm về cuộc sống của chị nơi chiến tuyến. Cuốn nhật kí là thế giới riêng của người trí thức nhạy cảm mà không yếu đuối, tha thiết với cuộc sống mà không hề sợ hãi trước những gian nan. Ở đó ta vẫn gặp những băn khoăn trăn trở trước tình yêu, trước cuộc sống phức tạp hàng ngày, những nỗi buồn, nỗi nhớ nhung, sự cô đơn của một người con gái, nhưng đồng thời chúng ta cũng thấy được một ý chí mãnh liệt, những lời nói tự động viên cảnh tỉnh, một lòng can đảm phi thường - những điều đã làm nên một thế hệ anh hùng.</subfield>
  </datafield>
  <datafield tag="650" ind1=" " ind2=" ">
   <subfield code="a">Nhật ký thời chiến Việt Nam; Văn học Việt Nam; Đặng Thùy Trâm</subfield>
  </datafield>
  <datafield tag="700" ind1=" " ind2=" ">
   <subfield code="a">Đặng, Kim Trâm</subfield>
  </datafield>
  <datafield tag="856" ind1=" " ind2=" ">
   <subfield code="u">http://lrc.tdmu.edu.vn/opac/search/detail.asp?aID=2&amp;ID=16978</subfield>
  </datafield>
  <datafield tag="980" ind1=" " ind2=" ">
   <subfield code="a">Trung tâm Học liệu Trường Đại học Thủ Dầu Một</subfield>
  </datafield>
 </record>
</collection>
